Pays par superficie - lettre par lettre - Statistiques

Statistiques générales
  • Ce quiz a été pris 241 fois
  • Le résultat moyen est 20 sur 24
Réponses sur la Carte
Les réponses sont colorées sur une échelle allant du rouge au vert en fonction du pourcentage des utilisateurs qui les ont devinées à leur premier essai. Vous pouvez retrouver ces pourcentages ci-dessous.
 
Statistiques - réponses
Lettre Pays % Correct
C Canada
99%
B Brésil
98%
E États-Unis
98%
A Australie
97%
R Russie
97%
F France
95%
I Inde
95%
D Danemark
94%
M Mexique
88%
K Kazakhstan
87%
Q Qatar
87%
Y Yémen
87%
Z Zambie
85%
V Venezuela
82%
J Japon
81%
P Pérou
77%
U Ukraine
77%
H Honduras
75%
S Soudan
74%
O Ouzbékistan
73%
L Libye
69%
N Niger
68%
T Tchad
61%
G Gabon
60%
Aucun quiz correspondant
Distribution des résultats
% des personnes avec chaque résultat
Percentile par nombre de réponses
Votre historique - résultats
Vous n’avez pas pris ce quiz